[Event "Jihlavanka Cup GMB"]
[Site "Olomouc CEC"]
[Date "2007.08.05"]
[Round "6"]
[White "Maiorov, N."]
[Black "Haznedaroglu, K."]
[Result "1/2-1/2"]
[WhiteElo "2487"]
[BlackElo "2440"]
[PlyCount "174"]
[EventDate "2007.08.01"]
[Source "www.chesslib.no"]
[SourceDate "2004.05.04"]

1. d4 d5 2. c4 c6 3. Nc3 e5 4. e3 e4 5. Bd2 Nf6 6. Qb3 a6 7. Rc1 Be7 8. Nge2 b5 9. cxd5 cxd5 10. Nf4 Be6 11. a4 b4 12. Nce2 a5 13. Nxe6 fxe6 14. Nf4 Kf7 15. Be2 Bd6 16. O-O Rf8 17. f3 Bxf4 18. exf4 Kg8 19. Be3 Qd6 20. Qc2 Qe7 21. fxe4 Nxe4 22. Bd3 Nd7 23. Bxe4 dxe4 24. Qxe4 Nf6 25. Qe5 Ng4 26. Rc7 Nxe5 27. Rxe7 Nc4 28. Bc1 Rfe8 29. Rc7 Rec8 30. Rc5 Nb6 31. b3 Nd7 32. Rxc8+ Rxc8 33. Bb2 Rc2 34. Rf2 Rc6 35. f5 Kf7 36. fxe6+ Kxe6 37. Kf1 Nf6 38. Re2+ Kd5 39. Re5+ Kd6 40. Rc5 Rxc5 41. dxc5+ Kxc5 42. Ke2 Kd5 43. Kd3 Ng4 44. h3 Ne5+ 45. Ke3 g6 46. Bd4 Nd7 47. Ba7 Ke5 48. Kf3 Kd5 49. Kf4 Ne5 50. Bb6 Nd3+ 51. Kg5 Nc1 52. Bxa5 Kc5 53. Kh6 Nd3 54. Kxh7 Nf4 55. g3 Nxh3 56. Kxg6 Nf2 57. Kf5 Nd3 58. g4 Nc1 59. g5 Nxb3 60. g6 Nd4+ 61. Kf6 b3 62. Bc3 Ne2 63. g7 Nxc3 64. g8=Q b2 65. Qc8+ Kd4 66. Qd7+ Ke3 67. Ke5 b1=Q 68. Qd4+ Ke2 69. Qxc3 Qb8+ 70. Kd5 Qd8+ 71. Kc4 Qc7+ 72. Kb3 Qb6+ 73. Ka3 Qd6+ 74. Ka2 Qd5+ 75. Qb3 Qd6 76. Qb2+ Kd3 77. Qb3+ Kd4 78. Qb2+ Kd5 79. a5 Qc5 80. Qb7+ Kd6 81. a6 Qc2+ 82. Ka3 Qc3+ 83. Ka4 Qa1+ 84. Kb5 Qb2+ 85. Ka5 Qxb7 86. axb7 Kc7 87. Ka6 Kb8 1/2-1/2

[Event "Bucharest ROM"]
[Site "Bucharest ROM"]
[Date "1993.??.??"]
[Round "?"]
[White "Marin, Mihail"]
[Black "Vlad, Decebal"]
[Result "1-0"]
[WhiteElo "2515"]
[BlackElo "2405"]
[PlyCount "71"]
[EventDate "1993.??.??"]
[Source "www.chesslib.no"]
[SourceDate "2004.05.04"]

1. d4 d5 2. c4 c6 3. Nc3 e5 4. dxe5 d4 5. Ne4 Qa5+ 6. Bd2 Qxe5 7. Ng3 Nf6 8. Nf3 Qd6 9. Qc2 Be7 10. O-O-O O-O 11. e3 c5 12. Bc3 Qa6 13. exd4 cxd4 14. Nxd4 Qxa2 15. Ndf5 Bxf5 16. Nxf5 Nc6 17. Nxe7+ Nxe7 18. Bd3 Ng6 19. b3 Qa6 20. Rhe1 Rfe8 21. Kb2 Rxe1 22. Rxe1 Qd6 23. g3 b5 24. cxb5 Nd5 25. Bc4 Nxc3 26. Qxc3 Kf8 27. Re3 Re8 28. Rxe8+ Kxe8 29. Qe3+ Qe5+ 30. Qxe5+ Nxe5 31. Be2 f5 32. Kc3 Ke7 33. Kb4 Kd6 34. Ka5 Kc7 35. Ka6 Kb8 36. b6 1-0

[Event "Catania Open"]
[Site "Cattolica ITA"]
[Date "1994.??.??"]
[Round "6"]
[White "Maksimenko, Andrei"]
[Black "Ortega, Lexy"]
[Result "1-0"]
[WhiteElo "2475"]
[BlackElo "2440"]
[PlyCount "72"]
[EventDate "1994.??.??"]
[Source "www.chesslib.no"]
[SourceDate "2004.05.04"]

1. d4 d5 2. c4 c6 3. Nc3 e5 4. dxe5 d4 5. Ne4 Qa5+ 6. Bd2 Qxe5 7. Ng3 Nf6 8. Nf3 Qd6 9. Qc2 Be7 10. O-O-O O-O 11. e3 dxe3 12. Bc3 Qc7 13. fxe3 Na6 14. a3 b5 15. Be5 Qb7 16. Nf5 Bxf5 17. Qxf5 b4 18. a4 Qc8 19. Bd3 Qxf5 20. Bxf5 g6 21. Nd4 Nh5 22. Bg4 Bf6 23. Bd6 Rfe8 24. Nxc6 Rxe3 25. Rhe1 Rae8 26. Rxe3 Rxe3 27. Bc8 Re2 28. Bxa6 Bxb2+ 29. Kb1 b3 30. Rd3 Nf6 31. Rxb3 Ne4 32. Rxb2 Re1+ 33. Ka2 Nxd6 34. Nxa7 Ne4 35. Nb5 Re3 36. Rc2 Nc5 1-0

[Event "Chicago Open"]
[Site "Chicago, IL USA"]
[Date "1994.??.??"]
[Round "9"]
[White "Shabalov, Alexander"]
[Black "Formanek, Edward W"]
[Result "1/2-1/2"]
[WhiteElo "2590"]
[BlackElo "2320"]
[PlyCount "53"]
[EventDate "1994.??.??"]
[Source "www.chesslib.no"]
[SourceDate "2004.05.04"]

1. d4 d5 2. c4 c6 3. Nc3 e5 4. dxe5 d4 5. Ne4 Qa5+ 6. Bd2 Qxe5 7. Ng3 c5 8. Nf3 Qc7 9. e3 dxe3 10. fxe3 Nf6 11. Qc2 g6 12. Bc3 Bg7 13. Ne4 Qe7 14. Bd3 O-O 15. O-O Nc6 16. Bxf6 Bxf6 17. Nxf6+ Qxf6 18. Be4 Qe7 19. Nd2 Bd7 20. Rae1 Nb4 21. Qb1 Bc6 22. a3 Rad8 23. Bxc6 Nxc6 24. Ne4 f5 25. Nc3 Qe5 26. Qc2 Rd7 27. Qf2 1/2-1/2

[Event "Berliner Sommer"]
[Site "Berlin GER"]
[Date "1994.??.??"]
[Round "?"]
[White "Skomorokhin, Roman"]
[Black "Milov, Leonid"]
[Result "0-1"]
[WhiteElo "2395"]
[BlackElo "2510"]
[PlyCount "59"]
[EventDate "1994.08.??"]
[Source "www.chesslib.no"]
[SourceDate "2004.05.04"]

1. d4 d5 2. c4 c6 3. Nc3 e5 4. dxe5 d4 5. Ne4 Qa5+ 6. Bd2 Qxe5 7. Ng3 Nf6 8. Nf3 Qc5 9. Qc2 Be6 10. Rc1 Qb6 11. c5 Qd8 12. Nf5 d3 13. Nxg7+ Bxg7 14. exd3 Qd5 15. b3 a5 16. Be2 a4 17. Ng5 axb3 18. axb3 O-O 19. O-O Bf5 20. Bf4 Na6 21. Rfd1 Bg6 22. h4 Nb4 23. Qb1 Rfe8 24. Bf1 Nh5 25. Bd2 Nxd3 26. Rc2 Nxf2 27. Bc4 Qd4 28. Nf3 Nh3+ 29. Kh2 Be5+ 30. Kh1 0-1

[Event "Russia"]
[Site "?"]
[Date "1992.??.??"]
[Round "?"]
[White "Obukhov, A."]
[Black "Tregubov, P."]
[Result "1/2-1/2"]
[WhiteElo "2465"]
[BlackElo "2440"]
[PlyCount "76"]
[EventDate "1992.??.??"]
[Source "ChessBase"]
[SourceDate "1992.10.01"]

1. d4 d5 2. c4 c6 3. Nc3 e5 4. dxe5 d4 5. Ne4 Qa5+ 6. Bd2 Qxe5 7. Ng3 c5 8. Nf3 Qc7 9. Qc2 Nc6 10. O-O-O Bd6 11. e3 Nge7 12. Ne4 Bg4 13. Be2 O-O 14. Nfg5 Bf5 15. g4 Bg6 16. h4 h6 17. h5 Bxe4 18. Nxe4 f5 19. gxf5 Nxf5 20. Bg4 Nce7 21. Rhg1 Be5 22. Kb1 Kh8 23. Bc1 dxe3 24. fxe3 Rab8 25. Nc3 Nd6 26. Nb5 Nxb5 27. cxb5 Rbd8 28. Qe4 Bf6 29. Rxd8 Rxd8 30. Rd1 Nc8 31. Rxd8+ Qxd8 32. Qxb7 Qd3+ 33. Ka1 Bxb2+ 34. Kxb2 Nb6 35. Qg2 Nc4+ 36. Ka1 Qc3+ 37. Kb1 Qb4+ 38. Kc2 Qa4+ 1/2-1/2

[Event "7th Amplico AIG Life"]
[Site "Warsaw POL"]
[Date "2007.12.16"]
[Round "9"]
[White "Dziuba, M."]
[Black "Narmontas, M."]
[Result "0-1"]
[WhiteElo "2538"]
[BlackElo "2367"]
[PlyCount "136"]
[EventDate "2007.12.15"]
[Source "www.chesslib.no"]
[SourceDate "2004.05.04"]

1. d4 d5 2. c4 c6 3. Nc3 e5 4. dxe5 d4 5. Ne4 Qa5+ 6. Nd2 Nd7 7. Ngf3 Nxe5 8. Nxd4 Nxc4 9. e3 Nxd2 10. Bxd2 Bb4 11. a3 Bxd2+ 12. Qxd2 Qxd2+ 13. Kxd2 Nf6 14. f3 O-O 15. b4 Bd7 16. Bc4 Rad8 17. Kc3 Bc8 18. e4 Nd7 19. Rhd1 Ne5 20. Be2 Rd6 21. f4 Ng4 22. Rd2 Re8 23. e5 Rdd8 24. Bxg4 Bxg4 25. Re1 g6 26. h3 Be6 27. g4 Bd5 28. f5 Rd7 29. a4 h6 30. a5 Kh7 31. h4 Rdd8 32. Rf2 Rd7 33. h5 gxh5 34. gxh5 Rg8 35. e6 fxe6 36. fxe6 Re7 37. Rf6 Rg3+ 38. Kd2 Rg2+ 39. Re2 Rxe2+ 40. Kxe2 b6 41. Kd2 c5 42. bxc5 bxc5 43. Nf5 Rxe6 44. Rf7+ Kg8 45. Rxa7 Bf3 46. a6 Bxh5 47. Rg7+ Kf8 48. a7 Bf3 49. Rc7 Ra6 50. Kc3 Ke8 51. Rg7 Bd5 52. Ne3 Ra3+ 53. Kd2 Be4 54. Nc4 Ra6 55. Ke3 Bd5 56. Ne5 h5 57. Rd7 Bg2 58. Rg7 Bd5 59. Nd3 Ra3 60. Kd2 c4 61. Nb4 Be4 62. Rg5 c3+ 63. Ke3 c2+ 64. Kd2 Rxa7 65. Re5+ Re7 66. Rxe7+ Kxe7 67. Nxc2 Bxc2 68. Kxc2 h4 0-1

[Event "Spring op"]
[Site "Budapest"]
[Date "1992.??.??"]
[Round "?"]
[White "Fominyh, Alexander"]
[Black "Schmidt, Peter"]
[Result "1-0"]
[WhiteElo "2500"]
[BlackElo "2405"]
[PlyCount "75"]
[EventDate "1992.03.??"]
[Source "ChessBase"]

1. d4 d5 2. c4 c6 3. Nc3 e5 4. dxe5 d4 5. Ne4 Qa5+ 6. Nd2 Nh6 7. Ngf3 Nf5 8. g3 Ne3 9. fxe3 dxe3 10. Bg2 Bb4 11. O-O exd2 12. Bxd2 Bxd2 13. Qxd2 Qxd2 14. Nxd2 Be6 15. Rf4 Nd7 16. Nf3 Ke7 17. h4 a5 18. Kf2 a4 19. Rc1 Ra5 20. Re4 Rd8 21. Re3 h6 22. Rcc3 Nc5 23. Ke1 Bf5 24. Rc1 Ne6 25. Rd1 Raa8 26. Rxd8 Rxd8 27. Ra3 Nc5 28. Re3 Ke6 29. Ng1 Rd4 30. b3 Nxb3 31. Nf3 c5 32. Nxd4+ cxd4 33. Bd5+ Ke7 34. Rf3 g6 35. axb3 a3 36. b4 d3 37. c5 Be4 38. Rxf7+ 1-0

[Event "Elista ol (Women)"]
[Site "Elista"]
[Date "1998.10.03"]
[Round "5"]
[White "Matveeva, Svetlana"]
[Black "Zhukova, Natalia"]
[Result "1-0"]
[WhiteElo "2440"]
[BlackElo "2460"]
[PlyCount "53"]
[EventDate "1998.09.29"]
[Source "ChessBase"]
[SourceDate "1998.11.06"]

1. d4 d5 2. c4 c6 3. Nc3 e5 4. dxe5 d4 5. Ne4 Qa5+ 6. Nd2 Nd7 7. e6 fxe6 8. Ngf3 e5 9. g3 Ndf6 10. Bg2 Bf5 11. O-O Rd8 12. a3 h6 13. b4 Qc7 14. e3 dxe3 15. fxe3 Bd3 16. Bb2 Qb6 17. Re1 a5 18. Nxe5 Bc5 19. Nxd3 Rxd3 20. Qe2 Qd8 21. Bd4 Rxd2 22. Qxd2 Bb6 23. Rad1 Ne7 24. c5 Bc7 25. Qb2 Nf5 26. Bc3 Qe7 27. e4 1-0

[Event "RUS-Cup02"]
[Site "Moscow"]
[Date "1998.??.??"]
[Round "1"]
[White "Rustemov, Alexander"]
[Black "Stepovoj, Vladimir"]
[Result "1-0"]
[WhiteElo "2575"]
[BlackElo "2325"]
[PlyCount "83"]
[EventDate "1998.01.21"]
[Source "ChessBase"]
[SourceDate "1998.04.09"]

1. d4 d5 2. c4 c6 3. Nc3 e5 4. e3 e4 5. Qb3 Nf6 6. Bd2 Be7 7. f3 O-O 8. fxe4 Nxe4 9. Nxe4 dxe4 10. Ne2 Qb6 11. Nc3 Bf5 12. Be2 Nd7 13. O-O-O Qxb3 14. axb3 Bd6 15. g4 Bg6 16. h4 h6 17. Rdg1 Rae8 18. c5 Bc7 19. b4 a6 20. Be1 Kh8 21. g5 Bh7 22. Bg3 Bxg3 23. Rxg3 f5 24. Kd2 Rd8 25. Rhg1 f4 26. exf4 Rxf4 27. h5 hxg5 28. Rxg5 Rf7 29. Ke3 Nf6 30. Rd1 Rfd7 31. Re5 Bg8 32. Nxe4 Bb3 33. Rf1 Nxe4 34. Rxe4 Bc2 35. Ref4 Kh7 36. Kd2 Re7 37. Bc4 Ba4 38. Bd3+ Kh6 39. Rg4 Kxh5 40. Rg2 Rxd4 41. Rh1+ Rh4 42. Rg6 1-0

[Event "La Bordeta op"]
[Site "La Bordeta"]
[Date "1999.??.??"]
[Round "8"]
[White "Moskalenko, Viktor"]
[Black "Gual Pascual, Antonio"]
[Result "1/2-1/2"]
[WhiteElo "2470"]
[BlackElo "2430"]
[PlyCount "87"]
[EventDate "1999.??.??"]
[Source "www.chesslib.no"]
[SourceDate "2004.05.04"]

1. d4 d5 2. c4 c6 3. Nc3 e5 4. dxe5 d4 5. Ne4 Qa5+ 6. Nd2 Nh6 7. Ngf3 Nf5 8. g3 Ne3 9. fxe3 dxe3 10. Bg2 Bb4 11. a3 exd2+ 12. Bxd2 Bxd2+ 13. Qxd2 Qxd2+ 14. Kxd2 Be6 15. Kc3 Nd7 16. Rad1 Ke7 17. b3 h6 18. h4 a5 19. Bh3 Bxh3 20. Rxh3 Nc5 21. Kc2 Ne6 22. e3 Rhd8 23. Nd4 a4 24. b4 c5 25. Nf5+ Kf8 26. Rxd8+ Rxd8 27. b5 h5 28. Rh2 g6 29. Nd6 b6 30. Rf2 f5 31. e4 Ke7 32. exf5 Nd4+ 33. Kc3 Rf8 34. f6+ Ke6 35. f7 Nf5 36. Rd2 Nxg3 37. Rg2 Kxe5 38. Rxg3 Kxd6 39. Rxg6+ Ke5 40. Rxb6 Rxf7 41. Ra6 Rf3+ 42. Kb2 Rb3+ 43. Kc2 Rxa3 44. Kb2 1/2-1/2

[Event "Balatonbereny Open"]
[Site "Balatonbereny HUN"]
[Date "1992.??.??"]
[Round "6"]
[White "Wells, Peter K"]
[Black "Tregubov, Pavel V"]
[Result "1-0"]
[WhiteElo "2455"]
[BlackElo "2440"]
[PlyCount "49"]
[EventDate "1992.09.??"]
[Source "www.chesslib.no"]
[SourceDate "2004.05.04"]

1. d4 d5 2. c4 c6 3. Nc3 e5 4. cxd5 cxd5 5. dxe5 d4 6. Ne4 Qa5+ 7. Nd2 Nc6 8. g3 Bf5 9. Ngf3 Rd8 10. Bg2 Nb4 11. O-O Nc2 12. Nh4 Nxa1 13. Nxf5 Qc7 14. Ne4 Qxe5 15. Nfd6+ Bxd6 16. Bf4 Qe6 17. Qa4+ Qd7 18. Nxd6+ Kf8 19. Qxd4 Nc2 20. Qc5 Ne7 21. Qxc2 Ng6 22. Be3 b6 23. Nf5 Rc8 24. Qe4 h5 25. Bh3 1-0

[Event "Komarno op"]
[Site "Komarno"]
[Date "1997.??.??"]
[Round "?"]
[White "Sergeev, Vladimir"]
[Black "Krivoshey, Sergei"]
[Result "0-1"]
[WhiteElo "2460"]
[BlackElo "2425"]
[PlyCount "64"]
[EventDate "1997.??.??"]
[Source "www.chesslib.no"]
[SourceDate "2004.05.04"]

1. d4 d5 2. c4 c6 3. Nc3 e5 4. cxd5 cxd5 5. Nf3 e4 6. Ne5 f6 7. Qa4+ Nd7 8. Ng4 Kf7 9. Qb3 Nb6 10. f3 Be6 11. Nf2 Bd6 12. g3 Ne7 13. Bh3 Bxh3 14. Nxh3 exf3 15. exf3 Nf5 16. Ne2 Re8 17. Qd3 Qc8 18. Nhf4 Qc4 19. Kf2 Bxf4 20. Qxc4 Nxc4 21. Nxf4 Nxd4 22. Rd1 Nc2 23. Rb1 d4 24. b3 Ne5 25. Bb2 Rac8 26. Rd2 g5 27. Ne2 d3 28. Nc3 Rcd8 29. Ne4 g4 30. Nxf6 Nxf3 31. Nxe8 Nxd2 32. Nf6 Nxb1 0-1